000 00719nam a22002055i 4500
001 178248
003 ES-MaACL
005 20250827100952.0
008 110524s1968 sp |||| | spa d
080 _a908(520)
245 0 3 _aEl maravilloso Japón.
260 _aMadrid :
_bDelblan,
_cD. L. 1968.
300 _a16 p. ;
_c16 cm.
490 1 _aMosaico cultural : colección de temas instructivos. 3. Los países exóticos ;
_v16
500 _aEncuadernado con otros títulos.
651 4 _aJapón-
_xDescripción.
_98884
830 0 0 _aMosaico cultural: colección de temas instructivos.
_pLos países exóticos
_v16
_9190821
852 _aES-MaACL
_jE-15190 (16)
_xOlim P-1923
999 _c178248
_d178248